000 00316nam a22001457a 4500
008 210511b ||||| |||| 00| 0 eng d
020 _a9780195065480
041 _aeng
080 _26th
_a82
082 _a82
100 _a21
101 _aGJL
245 _aAmerican Literature
_cJames D. Hart
942 _2udc
_cBK
999 _c57270
_d57270